ბათუმის შოთა რუსთაველის სახელმწიფო უნივერსიტეტის ბიბლიოთეკა

სისხლის სამართლის პასუხისმგებლობა მოძრაობის უსაფრთხოებისა და ტრანსპორტის ექსპლოატაციის წესების დარღვევისათვის : (ბიბ.ჩანაწერი № 59466)

000 -ლიდერი
ფიქსირებული სიგრძის საკონტროლო ველი 01449nam a22002057a 4500
003 - საკონტროლო ნომრის იდენტიფიკატორი
საკონტროლო ველი Ge_BSU
005 - ბოლო ოპერაციის თარიღი და დრო
საკონტროლო ველი 20230224151751.0
008 - ფიქსირებული სიგრძის მონაცემთა ელემენტები - ზოგადი ინფორმაცია
ფიქსირებული სიგრძის საკონტროლო ველი 230224s1971 ge ||||| |||| 00| 0 geo d
041 ## - ენის კოდი
Language code of text/sound track or separate title geo
080 ## - უნივერსალური ათობითი კლასიფიკაციის ინდექსი
Universal Decimal Classification number 343.346.2 ც-92
100 ## - მთავარი ჩანაწერი - პიროვნების სახელი
Personal name ცუცქირიძე, გიორგი
9 (RLIN) 17038
245 ## - ცნობა სათაურის შესახებ
Title სისხლის სამართლის პასუხისმგებლობა მოძრაობის უსაფრთხოებისა და ტრანსპორტის ექსპლოატაციის წესების დარღვევისათვის :
Remainder of title ავტოტრანსპორტი და ქალაქის ელექტროტრანსპორტი /
Statement of responsibility, etc გიორგი ცუცქირიძე.
264 ## - წარმოების, გამოცემის, დისტრიბუციის და სხვა ცნობები
გამოცემის, წარმოების, დისტრიბუციის... ადგილი თბილისი :
გამოცემის, წარმოების, დისტრიბუციის... სახელწოდება საბჭ. საქართველო,
გამოცემის, წარმოების, დისტრიბუციის... თარიღი 1971.
300 ## - ფიზიკური აღწერა
Extent 321 გვ. :
Other physical details ილ. ;
Dimensions 21 სმ.
653 ## - INDEX TERM--UNCONTROLLED
Uncontrolled term მოძრაობის უსაფრთხოების წესების დარღვევა
653 ## - INDEX TERM--UNCONTROLLED
Uncontrolled term სისხლის სამართლის პასუხისმგებლობა.
653 ## - INDEX TERM--UNCONTROLLED
Uncontrolled term ტრანსპორტის ექსპლოატაციის წესების დარღვევა
653 ## - INDEX TERM--UNCONTROLLED
Uncontrolled term სისხლის სამართლის პასუხისმგებლობა.
942 ## - ADDED ENTRY ELEMENTS (KOHA)
Source of classification or shelving scheme
Koha item type წიგნი
ეგზემპლარები
ჩამოწერის სტატუსი დაკარგული ეგზემპლარის სტატუსი კლასიფიკაციის წყარო ან თაროზე გაწყობის სქემა დაზიანების სტატუსი არ გაიცემა მუდმივი მდებარეობა (დაცვის ადგილი) ამჟამინდელი ადგილსამყოფელი თაროზე განთავსების ადგილი შეძენის თარიღი ღირებულება, შესყიდვის ნორმალური ფასი სრული შენახვის შიფრი შტრიხკოდი ბოლო ოპერაციის თარიღი ეგზემპლარის მიმდევრობითი ნომერი (კეტერი?) ფასის ძალაში შესვლის თარიღი ეგზემპლარის სახეობა საჯარო შენიშვნა
          ბათუმის შოთა რუსთაველის სახელმწიფო უნივერსიტეტის მთავარი ბიბლიოთეკა ბათუმის შოთა რუსთაველის სახელმწიფო უნივერსიტეტის მთავარი ბიბლიოთეკა წიგნსაცავი 2023-02-24 6.00 343.346.2 ც-92 63871 2023-02-24 63871 2023-02-24 წიგნი 6 ლ.